Villes de France - Par panorama # 4 - Statistiques

Statistiques générales
  • Ce quiz a été pris 41 fois
  • Le résultat moyen est 4 sur 20
Statistiques - réponses
Par images Réponse % Correct
Lyon
87%
Toulouse
50%
Cannes
42%
Ajaccio
34%
Bourg-en-Bresse
24%
Valence
24%
Vienne
24%
Troyes
16%
Castres
13%
Beauvais
11%
Les Sables-d'Olonne
11%
Lens
8%
Nouméa
8%
Lisieux
5%
Montluçon
5%
Châteauroux
3%
Sedan
3%
Angoulême
0%
Chalon-sur-Saône
0%
Saint-Brieuc
0%
Aucun quiz correspondant
Distribution des résultats
% des personnes avec chaque résultat
Percentile par nombre de réponses
Votre historique - résultats
Vous n’avez pas pris ce quiz